College Algebra. (10th ed.) (Record no. 37686)

MARC details
000 -LEADER
fixed length control field 00764nam a2200217 a 4500
008 - FIXED-LENGTH DATA ELEMENTS--GENERAL INFORMATION
fixed length control field 130404s2010 ||||||||||||||||| || u
020 ## - INTERNATIONAL STANDARD BOOK NUMBER
International Standard Book Number 9781439046579
050 ## - LIBRARY OF CONGRESS CALL NUMBER
Classification number QA 154.2 Gus
100 ## - MAIN ENTRY--PERSONAL NAME
Personal name Frisk, Peter D
245 10 - TITLE STATEMENT
Title College Algebra. (10th ed.)
Statement of responsibility, etc. by David R. Gustafson (and others)
250 ## - EDITION STATEMENT
Edition statement 10th ed.
260 ## - PUBLICATION, DISTRIBUTION, ETC.
Place of publication, distribution, etc. Belmont:
Name of publisher, distributor, etc. Cengage Learning
Date of publication, distribution, etc. 2010
260 ## - PUBLICATION, DISTRIBUTION, ETC.
Place of publication, distribution, etc. Belmont:
Name of publisher, distributor, etc. Brookes/Cole
Date of publication, distribution, etc. 2010
300 ## - PHYSICAL DESCRIPTION
Extent xv, 752p. (various pagings): ill.
650 ## - SUBJECT ADDED ENTRY--TOPICAL TERM
Topical term or geographic name entry element TEXTBOOKS
650 #0 - SUBJECT ADDED ENTRY--TOPICAL TERM
Topical term or geographic name entry element ALGEBRAS, LINEAR
650 #0 - SUBJECT ADDED ENTRY--TOPICAL TERM
Topical term or geographic name entry element OPERATIONS RESEARCH--MATHEMATICS
700 ## - ADDED ENTRY--PERSONAL NAME
Personal name Gustafson, David R
700 ## - ADDED ENTRY--PERSONAL NAME
Personal name Hughes, Jeffrey D
995 ## - RECOMMENDATION 995 [LOCAL, UNIMARC FRANCE]
-- CBU-MAIN LIBRARY (Kitwe)
-- 1
-- AVAILABLE
-- Apr 29, 2013
-- Short Loan Collection
Holdings
Withdrawn status Lost status Source of classification or shelving scheme Damaged status Not for loan Home library Current library Shelving location Date acquired Total Checkouts Full call number Barcode Date last seen Date last checked out Price effective from Koha item type
          CBU-MAIN LIBRARY, KITWE. CBU-MAIN LIBRARY, KITWE.   11/30/2022 1 QA 154.2 Gus 743609 02/26/2025 02/26/2025 11/30/2022 MONOGRAPH